000
00276nam a2200097Ia 4500
001
734518
005
20250826163835.0
008
250824s9999 xx 000 0 und d
245
0
_a
BİLDİĞİN GİBİ DEĞİL -OLAĞANÜSTÜ TAŞITLAR
_c
ASENA MERİÇ
260
_b
YEDİVEREN ÇOCUK
999
_c
734518
_d
734518